LABCAL-MACNOR EN CIFRAS : resultados del proyecto de Alianza estratégica FUNDEVI-MACNOR par el año 2000 y hasta junio del año 2001
Saved in:
| Main Author: | |
|---|---|
| Format: | Book |
| Language: | Spanish |
| Published: |
[San José, Costa Rica] : Universidad de Costa Rica, Instituto de Investigaciones en Ingeniería. Laboratorio de Metrología, Gestión de Calidad y Gestión Ambiental
2001
|
| Tags: |
Add Tag
No Tags, Be the first to tag this record!
|
MARC
| LEADER | 00000nam a2200000Ia 4500 | ||
|---|---|---|---|
| 003 | MV0257 | ||
| 005 | 20240430102456.0 | ||
| 008 | 140114s2001 cr a 000 ||spa d | ||
| 040 | |c cru CEDI | ||
| 100 | |a Arias Leitón, Sergio, 1974- |9 2937 | ||
| 245 | |a LABCAL-MACNOR EN CIFRAS : resultados del proyecto de Alianza estratégica FUNDEVI-MACNOR par el año 2000 y hasta junio del año 2001 | ||
| 260 | |a [San José, Costa Rica] : Universidad de Costa Rica, Instituto de Investigaciones en Ingeniería. Laboratorio de Metrología, Gestión de Calidad y Gestión Ambiental |c 2001 | ||
| 942 | |c MV |h MV-257 |i MV0257 |6 MV_257_MV0257 | ||
| 999 | |c 13028 |d 13028 | ||
